000 01103nam a2200205 a 4500
001 000046252
005 20201002052735.0
008 150710s2002 xxu 001 0 spa d
020 _a0773470239
040 _aDO-SdBNP
_bspa
_cBNPHU
100 1 _aGimbernat González, Ester
_974274
245 1 3 _aLa poesía de mujeres dominicanas a fines del siglo XX. /
_cEster Gimbernat González.
260 _aLewiston, New York, Estados Unidos :
_bThe Edwin Mellen press,
_c2002.
300 _av. ;
_c24 cm.
504 _aBibliografía p: 209-220
590 _aPerteneció a la biblioteca personal de Chiqui Vicioso/Fidelio Despradel
500 _aIncluye índice
500 _aLa biblioteca solamente posee el volumen 74
505 0 _tPrologue --
_tPrólogo --
_tIntroducción --
_gcapitulo 1 --
_tDe artes poéticas --
_gcapitulo 2 --
_tRe-locaciones de la voz poética --
_gcapitulo 3 --
_tEstrategias del itinerario --
_gcapitulo 4 --
_tPoética del cuerpo en versiones de mujer --
_gcapitulo 5 --
_tCorografías del cuerpo --
_gcapitulo 6 --
_tEl vértigo de la lucidez --
_tNotas --
_tAnejo --
_tBibliografía --
_tIndex --
999 _c45741
_d45741